ბათუმის შოთა რუსთაველის სახელმწიფო უნივერსიტეტის ბიბლიოთეკა

ძველი ქართული ენის შეერთებული ლექსიკონი. (ბიბ.ჩანაწერი № 34746)

000 -LEADER
fixed length control field 00797nam a2200229Ia 4500
001 - CONTROL NUMBER
control field 536
003 - CONTROL NUMBER IDENTIFIER
control field GE_BSU
008 - FIXED-LENGTH DATA ELEMENTS--GENERAL INFORMATION
fixed length control field 181216s||||||||xx |||||||||||||| ||und||
010 ## - LIBRARY OF CONGRESS CONTROL NUMBER
LC control number 9994085247
040 ## - CATALOGING SOURCE
Transcribing agency GE_BSU
080 ## - UNIVERSAL DECIMAL CLASSIFICATION NUMBER
Universal Decimal Classification number 811.353.1(038)
245 ## - TITLE STATEMENT
Title ძველი ქართული ენის შეერთებული ლექსიკონი.
245 ## - TITLE STATEMENT
Remainder of title შემდგ. გრიგოლ კოპლატაძე. 16800 სიტყვა. .
245 ## - TITLE STATEMENT
Statement of responsibility, etc. რედ.გვანცა კოპლატაძე.
260 ## - PUBLICATION, DISTRIBUTION, ETC.
Place of publication, distribution, etc. თბილისი
260 ## - PUBLICATION, DISTRIBUTION, ETC.
Name of publisher, distributor, etc. საქ. საპატრიაქოს გამ- ბა
260 ## - PUBLICATION, DISTRIBUTION, ETC.
Date of publication, distribution, etc. 2008
300 ## - PHYSICAL DESCRIPTION
Extent 452 გვ.
653 ## - INDEX TERM--UNCONTROLLED
Uncontrolled term ლექსიკონი
942 ## - ADDED ENTRY ELEMENTS (KOHA)
Koha item type წიგნი
ეგზემპლარები
Withdrawn status Lost status Damaged status Not for loan Date acquired Barcode Date last seen Price effective from Koha item type Public note
        2018-12-17 2351 2018-12-17 2018-12-17 წიგნი საცავი
        2018-12-17 2352 2018-12-17 2018-12-17 წიგნი საცავი
        2018-12-17 2353 2018-12-17 2018-12-17 წიგნი საცავი
        2018-12-17 2354 2018-12-17 2018-12-17 წიგნი  
        2018-12-17 2355 2018-12-17 2018-12-17 წიგნი საცავი